| 000 | 00910nam a2200265Ia 4500 | ||
|---|---|---|---|
| 008 | 191130s2009##################000#0#eng## | ||
| 020 | _a9781556428623 | ||
| 022 | _a2009000580 | ||
| 040 |
_aACL _cACL |
||
| 082 | _a617.7190598 FAK | ||
| 100 | _aFaktorovich, Ella G | ||
| 245 |
_aFemtodynamics : a guide to laser settings and procedure techniques to optimize outcomes with femtosecond lasers _cElla G. Faktorovich |
||
| 260 |
_aThorofare, NJ _bSLACK _cc2009 |
||
| 300 | _axx, 239 p. : col. ill. ; 27 cm | ||
| 500 | _aIncludes bibliographical references and index | ||
| 650 | _aEye - Laser surgery | ||
| 650 | _aFemtosecond lasers | ||
| 650 | _aKeratomileusis, Laser In Situ - instrumentation | ||
| 650 | _aKeratomileusis, Laser In Situ - methods | ||
| 650 | _aLasers | ||
| 650 | _aLasers in ophthalmology | ||
| 990 | _a093f2f44ac10000c1da7b8e237eecba0 | ||
| 991 | _a75802 | ||
| 999 |
_c182694 _d182694 |
||